UM Logo

Telecourse study guide to: (Record no. 6831)

MARC details
000 -LEADER
fixed length control field 00521nam a22001457a 4500
008 - FIXED-LENGTH DATA ELEMENTS--GENERAL INFORMATION
fixed length control field 170505b xxu||||| |||| 00| 0 eng d
020 ## - INTERNATIONAL STANDARD BOOK NUMBER
International Standard Book Number 0-8403-6634-5
082 ## - DEWEY DECIMAL CLASSIFICATION NUMBER
Edition number 1991
Classification number DC 320.73
Item number L51
100 ## - MAIN ENTRY--PERSONAL NAME
9 (RLIN) 20676
Personal name Lee, Sue
245 ## - TITLE STATEMENT
Title Telecourse study guide to:
Remainder of title government by consent: a national perspective/
Statement of responsibility, etc. Sue Lee
260 ## - PUBLICATION, DISTRIBUTION, ETC. (IMPRINT)
Place of publication, distribution, etc. Dubuque, Iowa:
Name of publisher, distributor, etc. Kendall/Hunt Publishing Company,
Date of publication, distribution, etc. c1991.
300 ## - PHYSICAL DESCRIPTION
Extent vi, 314 pages:
Other physical details illustrations;
Dimensions 23 cm.
650 #0 - SUBJECT ADDED ENTRY--TOPICAL TERM
9 (RLIN) 20677
Topical term or geographic name as entry element Politics and government -- United States
942 ## - ADDED ENTRY ELEMENTS (KOHA)
Source of classification or shelving scheme Dewey Decimal Classification
Koha item type Circulation
Holdings
Withdrawn status Lost status Source of classification or shelving scheme Damaged status Not for loan Collection code Home library Current library Date acquired Source of acquisition Total Checkouts Full call number Barcode Date last seen Copy number Price effective from Koha item type
    Dewey Decimal Classification     Circulation UM Digos College - LIC UM Digos College - LIC 08/26/2003 Donated   DC 320.73 L51 1991 15585 05/15/2025 1 05/05/2017 Circulation
    Dewey Decimal Classification     Circulation UM Digos College - LIC UM Digos College - LIC 08/26/2003 Donated   DC 320.73 L51 1991 15586 05/15/2025 2 05/05/2017 Circulation